Utilisations et conséquences de l'automatisation
Saved in:
| Hovedforfatter: | |
|---|---|
| Format: | Bog |
| Sprog: | fransk |
| Udgivet: |
París
Dunod
1970
|
| Serier: | Science-Poche
|
| Fag: | |
| Tags: |
Tilføj Tag
Ingen Tags, Vær først til at tagge denne postø!
|
MARC
| LEADER | 00000nam a2200000 a 4500 | ||
|---|---|---|---|
| 001 | UCR9186 | ||
| 003 | CL-VaPUC | ||
| 008 | 980613e19700000FR |||||||||||||||||fre|d | ||
| 082 | 0 | 4 | |a 003.5 |b ROS |2 21 |
| 100 | 0 | |a Rose, J |e author |9 411433 | |
| 245 | 1 | 0 | |a Utilisations et conséquences de l'automatisation |
| 300 | |a 146 p | ||
| 942 | |c BK | ||
| 945 | |d 19980613 00:00:00 |a cmena | ||
| 260 | |a París |b Dunod |c 1970 | ||
| 650 | 0 | |a Automatización |9 299909 | |
| 650 | 0 | |a Cibernética |9 270269 | |
| 650 | 7 | |a INTELIGENCIA ARTIFICIAL |2 CL-VaPUC |9 411435 | |
| 650 | 0 | |a Aspectos sociales |9 254894 | |
| 650 | 0 | |a Industrialización |9 263687 | |
| 650 | 0 | |a Aplicaciones de computadores |9 260401 | |
| 583 | |a last modification |c 19980613 00:00:00 |k Rodrigo Vera | ||
| 490 | 0 | |a Science-Poche | |
| 999 | |c 270389 |d 270387 | ||
| 952 | |0 0 |1 0 |4 0 |6 003_500000000000000_ROS_1970 |7 0 |8 P |9 304662 |a BIBGIM |b BIBGIM |d 2019-11-20 |i 1410482 |o 003.5 ROS 1970 |p 1410482 |r 2025-01-15 |w 2019-11-20 |y BK |k COM | ||